000
00307nam a22001337a 4500
020
_a
9788183211857
082
_a
660
_b
SHO/FO
100
_a
Shobha A Udipi
_9
203
245
_a
Food Irradiation
260
_a
Udaipur
_b
Agrotech Pub
_c
2010
300
_a
256
650
_a
Food Irradiation
_9
204
942
_c
BK
999
_c
14167
_d
14167